000 00516nam a2200193Ia 4500
005 20250326142509.0
008 250326s9999 xx 000 0 und d
037 _aTextbook
040 _aFMSL
_beng
_cFMSL
041 _aeng
_2eng
084 _aX:8k N6
_qFMSL
100 _aRaiborn C A
_9746156
245 0 _aManagerial accounting
_cRaiborn C A And Others
250 _aEd 2
260 _aNY
_bNY, Minnissota West Pub.
_c1996
300 _a931p
942 _cTB
_hX:8k N6
999 _c1295306
_d1295306